Datum a čas kvízu
18.5
Celkem bodů
Celkový počet nahraných bodů na tomto kvízu bez doplňovacích otázek.
14.
Pořadí na kvízu
Konečné umístění týmu na tomto kvízu.
Zaznamenané odpovědi
| # | Otázka | Odpověď | Body | Výsledky |
|---|---|---|---|---|
| 1. | V pátek se dostala do prodeje... | vlky | 0 | |
| 2. | Jak se jmenuje politik, který... | James Cameron | 1 | |
| 3. | V indické nemocnici ve městě B... | hrál na hudební nástroj (na klavír) | 0 | |
| 4. | Největší slovenské knihkupectv... | Martinus | 0 | |
| 5. | Do kterého amerického města s... | do Las Vegas | 1 | |
| 6. | Na začátek tématu a otázky si... | druhým | 0 | |
| 7. | Rozlohou druhé největší africk... | Tanganika | 0 | |
| 8. | Seřaďte africké ostrovy v pořa... | 1B 2A 3C 4D | 0 | |
| 9. | Jak se jmenuje město na úpatí... | Kapské město (Cape Town) | 1 | |
| 10. | Afrika se trhá, od zbytku se o... | C | 0 |